<?xml version="1.0" encoding="UTF-8"?>
<record
    xmlns:xsi="http://www.w3.org/2001/XMLSchema-instance"
    xsi:schemaLocation="http://www.loc.gov/MARC21/slim http://www.loc.gov/standards/marcxml/schema/MARC21slim.xsd"
    xmlns="http://www.loc.gov/MARC21/slim">

  <leader>00993nam a22002417a 4500</leader>
  <controlfield tag="005">20170502163003.0</controlfield>
  <datafield tag="010" ind1=" " ind2=" ">
    <subfield code="a">1617EN ENG-116936</subfield>
  </datafield>
  <datafield tag="020" ind1=" " ind2=" ">
    <subfield code="c">795.00</subfield>
    <subfield code="a">9780198079446</subfield>
  </datafield>
  <datafield tag="035" ind1=" " ind2=" ">
    <subfield code="a">B-651652-661</subfield>
  </datafield>
  <datafield tag="035" ind1=" " ind2=" ">
    <subfield code="a">B-666232</subfield>
  </datafield>
  <datafield tag="035" ind1=" " ind2=" ">
    <subfield code="a">EN-100468</subfield>
  </datafield>
  <datafield tag="037" ind1=" " ind2=" ">
    <subfield code="b">Pragati</subfield>
    <subfield code="a">dpl</subfield>
  </datafield>
  <datafield tag="082" ind1=" " ind2=" ">
    <subfield code="a">658.8</subfield>
  </datafield>
  <datafield tag="100" ind1=" " ind2=" ">
    <subfield code="a">Baines, Paul</subfield>
  </datafield>
  <datafield tag="245" ind1=" " ind2=" ">
    <subfield code="a">Marketing /  </subfield>
    <subfield code="c"> by Baines, Paul, Chris Fill [and] Kelly Page adeapted by Piyush K.Sinha</subfield>
  </datafield>
  <datafield tag="260" ind1=" " ind2=" ">
    <subfield code="a">New Delhi</subfield>
    <subfield code="b">Oxford University Press</subfield>
    <subfield code="c">2016</subfield>
  </datafield>
  <datafield tag="270" ind1=" " ind2=" ">
    <subfield code="a">YMCA Library Building, 1, Jai Singh Road, </subfield>
    <subfield code="b">New Delhi</subfield>
    <subfield code="e">110001</subfield>
  </datafield>
  <datafield tag="300" ind1=" " ind2=" ">
    <subfield code="a">697p. :</subfield>
    <subfield code="c">27cm(pbk)</subfield>
    <subfield code="b">col., illus.</subfield>
  </datafield>
  <datafield tag="500" ind1=" " ind2=" ">
    <subfield code="a">Includes index</subfield>
  </datafield>
  <datafield tag="942" ind1=" " ind2=" ">
    <subfield code="2">ddc</subfield>
    <subfield code="c">EN</subfield>
    <subfield code="h">658.8</subfield>
    <subfield code="m">BAI</subfield>
  </datafield>
  <datafield tag="999" ind1=" " ind2=" ">
    <subfield code="c">101827</subfield>
    <subfield code="d">101827</subfield>
  </datafield>
  <datafield tag="952" ind1=" " ind2=" ">
    <subfield code="0">0</subfield>
    <subfield code="1">0</subfield>
    <subfield code="4">0</subfield>
    <subfield code="7">1</subfield>
    <subfield code="8">NFIC</subfield>
    <subfield code="a">DBAD</subfield>
    <subfield code="b">DBAD</subfield>
    <subfield code="d">2016-12-26</subfield>
    <subfield code="e">DBAD/PUB</subfield>
    <subfield code="g">745.00</subfield>
    <subfield code="l">0</subfield>
    <subfield code="o">658.8 BAI</subfield>
    <subfield code="p">EN-100468</subfield>
    <subfield code="r">2016-12-26 00:00:00</subfield>
    <subfield code="t">1</subfield>
    <subfield code="v">745.00</subfield>
    <subfield code="w">2016-12-26</subfield>
    <subfield code="y">EN</subfield>
  </datafield>
  <datafield tag="952" ind1=" " ind2=" ">
    <subfield code="0">0</subfield>
    <subfield code="1">0</subfield>
    <subfield code="4">0</subfield>
    <subfield code="7">0</subfield>
    <subfield code="8">NFIC</subfield>
    <subfield code="a">L</subfield>
    <subfield code="b">L</subfield>
    <subfield code="d">2017-02-09</subfield>
    <subfield code="e">BPPD/EN/2016-17/300/24.11.2016/IN339/2.12.2016/4.1.2017</subfield>
    <subfield code="g">795.00</subfield>
    <subfield code="l">20</subfield>
    <subfield code="m">6</subfield>
    <subfield code="o">658.8 BAI</subfield>
    <subfield code="p">B-651652</subfield>
    <subfield code="r">2024-08-17 00:00:00</subfield>
    <subfield code="s">2024-07-29</subfield>
    <subfield code="t">1</subfield>
    <subfield code="v">795.00</subfield>
    <subfield code="w">2017-02-09</subfield>
    <subfield code="y">EN</subfield>
  </datafield>
  <datafield tag="952" ind1=" " ind2=" ">
    <subfield code="0">0</subfield>
    <subfield code="1">0</subfield>
    <subfield code="4">0</subfield>
    <subfield code="7">0</subfield>
    <subfield code="8">NFIC</subfield>
    <subfield code="a">NPL</subfield>
    <subfield code="b">NPL</subfield>
    <subfield code="d">2017-02-09</subfield>
    <subfield code="e">BPPD/EN/2016-17/300/24.11.2016/IN339/2.12.2016/4.1.2017</subfield>
    <subfield code="g">795.00</subfield>
    <subfield code="l">0</subfield>
    <subfield code="o">658.8 BAI</subfield>
    <subfield code="p">B-651653</subfield>
    <subfield code="r">2017-02-09 00:00:00</subfield>
    <subfield code="t">1</subfield>
    <subfield code="v">795.00</subfield>
    <subfield code="y">EN</subfield>
  </datafield>
  <datafield tag="952" ind1=" " ind2=" ">
    <subfield code="0">0</subfield>
    <subfield code="1">0</subfield>
    <subfield code="4">0</subfield>
    <subfield code="7">0</subfield>
    <subfield code="8">NFIC</subfield>
    <subfield code="a">BL1</subfield>
    <subfield code="b">BL1</subfield>
    <subfield code="d">2017-02-09</subfield>
    <subfield code="e">BPPD/EN/2016-17/300/24.11.2016/IN339/2.12.2016/4.1.2017</subfield>
    <subfield code="g">795.00</subfield>
    <subfield code="l">5</subfield>
    <subfield code="m">2</subfield>
    <subfield code="o">658.8 BAI</subfield>
    <subfield code="p">B-651654</subfield>
    <subfield code="r">2021-11-20 00:00:00</subfield>
    <subfield code="s">2021-11-06</subfield>
    <subfield code="t">1</subfield>
    <subfield code="v">795.00</subfield>
    <subfield code="y">EN</subfield>
  </datafield>
  <datafield tag="952" ind1=" " ind2=" ">
    <subfield code="0">0</subfield>
    <subfield code="1">0</subfield>
    <subfield code="4">0</subfield>
    <subfield code="7">0</subfield>
    <subfield code="8">NFIC</subfield>
    <subfield code="a">KGM</subfield>
    <subfield code="b">KGM</subfield>
    <subfield code="d">2017-02-09</subfield>
    <subfield code="e">BPPD/EN/2016-17/300/24.11.2016/IN339/2.12.2016/4.1.2017</subfield>
    <subfield code="g">795.00</subfield>
    <subfield code="l">0</subfield>
    <subfield code="o">658.8 BAI</subfield>
    <subfield code="p">B-651655</subfield>
    <subfield code="r">2017-02-09 00:00:00</subfield>
    <subfield code="t">1</subfield>
    <subfield code="v">795.00</subfield>
    <subfield code="y">EN</subfield>
  </datafield>
  <datafield tag="952" ind1=" " ind2=" ">
    <subfield code="0">0</subfield>
    <subfield code="1">0</subfield>
    <subfield code="4">0</subfield>
    <subfield code="7">0</subfield>
    <subfield code="8">NFIC</subfield>
    <subfield code="a">JP</subfield>
    <subfield code="b">JP</subfield>
    <subfield code="d">2017-02-09</subfield>
    <subfield code="e">BPPD/EN/2016-17/300/24.11.2016/IN339/2.12.2016/4.1.2017</subfield>
    <subfield code="g">795.00</subfield>
    <subfield code="l">9</subfield>
    <subfield code="m">2</subfield>
    <subfield code="o">658.8 BAI</subfield>
    <subfield code="p">B-651656</subfield>
    <subfield code="r">2026-04-25 15:47:15</subfield>
    <subfield code="s">2026-04-15</subfield>
    <subfield code="t">1</subfield>
    <subfield code="v">795.00</subfield>
    <subfield code="y">EN</subfield>
  </datafield>
  <datafield tag="952" ind1=" " ind2=" ">
    <subfield code="0">0</subfield>
    <subfield code="1">0</subfield>
    <subfield code="4">0</subfield>
    <subfield code="7">0</subfield>
    <subfield code="8">NFIC</subfield>
    <subfield code="a">ZLS</subfield>
    <subfield code="b">ZLS</subfield>
    <subfield code="d">2017-02-09</subfield>
    <subfield code="e">BPPD/EN/2016-17/300/24.11.2016/IN339/2.12.2016/4.1.2017</subfield>
    <subfield code="g">795.00</subfield>
    <subfield code="l">4</subfield>
    <subfield code="m">2</subfield>
    <subfield code="o">658.8 BAI</subfield>
    <subfield code="p">B-651657</subfield>
    <subfield code="r">2021-12-29 00:00:00</subfield>
    <subfield code="s">2021-11-11</subfield>
    <subfield code="t">1</subfield>
    <subfield code="v">795.00</subfield>
    <subfield code="y">EN</subfield>
  </datafield>
  <datafield tag="952" ind1=" " ind2=" ">
    <subfield code="0">0</subfield>
    <subfield code="1">0</subfield>
    <subfield code="4">0</subfield>
    <subfield code="7">0</subfield>
    <subfield code="8">NFIC</subfield>
    <subfield code="a">BN</subfield>
    <subfield code="b">BN</subfield>
    <subfield code="d">2017-02-09</subfield>
    <subfield code="e">BPPD/EN/2016-17/300/24.11.2016/IN339/2.12.2016/4.1.2017</subfield>
    <subfield code="g">795.00</subfield>
    <subfield code="l">1</subfield>
    <subfield code="o">658.8 BAI</subfield>
    <subfield code="p">B-651658</subfield>
    <subfield code="r">2019-03-13 00:00:00</subfield>
    <subfield code="s">2019-03-01</subfield>
    <subfield code="t">1</subfield>
    <subfield code="v">795.00</subfield>
    <subfield code="y">EN</subfield>
  </datafield>
  <datafield tag="952" ind1=" " ind2=" ">
    <subfield code="0">0</subfield>
    <subfield code="1">0</subfield>
    <subfield code="4">0</subfield>
    <subfield code="7">0</subfield>
    <subfield code="8">NFIC</subfield>
    <subfield code="a">NR</subfield>
    <subfield code="b">NR</subfield>
    <subfield code="d">2017-02-09</subfield>
    <subfield code="e">BPPD/EN/2016-17/300/24.11.2016/IN339/2.12.2016/4.1.2017</subfield>
    <subfield code="g">795.00</subfield>
    <subfield code="l">0</subfield>
    <subfield code="o">658.8 BAI</subfield>
    <subfield code="p">B-651659</subfield>
    <subfield code="r">2017-02-09 00:00:00</subfield>
    <subfield code="t">1</subfield>
    <subfield code="v">795.00</subfield>
    <subfield code="y">EN</subfield>
  </datafield>
  <datafield tag="952" ind1=" " ind2=" ">
    <subfield code="0">0</subfield>
    <subfield code="1">0</subfield>
    <subfield code="4">0</subfield>
    <subfield code="7">0</subfield>
    <subfield code="8">NFIC</subfield>
    <subfield code="a">BN</subfield>
    <subfield code="b">BN</subfield>
    <subfield code="d">2017-02-09</subfield>
    <subfield code="e">BPPD/EN/2016-17/300/24.11.2016/IN339/2.12.2016/4.1.2017</subfield>
    <subfield code="g">795.00</subfield>
    <subfield code="l">1</subfield>
    <subfield code="o">658.8 BAI</subfield>
    <subfield code="p">B-651660</subfield>
    <subfield code="r">2019-04-20 00:00:00</subfield>
    <subfield code="s">2019-04-09</subfield>
    <subfield code="t">1</subfield>
    <subfield code="v">795.00</subfield>
    <subfield code="y">EN</subfield>
  </datafield>
  <datafield tag="952" ind1=" " ind2=" ">
    <subfield code="0">0</subfield>
    <subfield code="1">0</subfield>
    <subfield code="4">0</subfield>
    <subfield code="7">0</subfield>
    <subfield code="8">NFIC</subfield>
    <subfield code="a">BL4</subfield>
    <subfield code="b">BL4</subfield>
    <subfield code="d">2017-02-09</subfield>
    <subfield code="e">BPPD/EN/2016-17/300/24.11.2016/IN339/2.12.2016/4.1.2017</subfield>
    <subfield code="g">795.00</subfield>
    <subfield code="l">5</subfield>
    <subfield code="m">4</subfield>
    <subfield code="o">658.8 BAI</subfield>
    <subfield code="p">B-651661</subfield>
    <subfield code="r">2019-12-30 00:00:00</subfield>
    <subfield code="s">2019-11-15</subfield>
    <subfield code="t">1</subfield>
    <subfield code="v">795.00</subfield>
    <subfield code="y">EN</subfield>
  </datafield>
  <datafield tag="952" ind1=" " ind2=" ">
    <subfield code="0">0</subfield>
    <subfield code="1">0</subfield>
    <subfield code="4">0</subfield>
    <subfield code="7">0</subfield>
    <subfield code="8">NFIC</subfield>
    <subfield code="a">AV</subfield>
    <subfield code="b">AV</subfield>
    <subfield code="d">2017-05-02</subfield>
    <subfield code="e">BPPD/EN/2016-17/AV/2016-17/466/15.2.2017/569/28.2.2017/ 10.3.2017</subfield>
    <subfield code="g">795.00</subfield>
    <subfield code="l">2</subfield>
    <subfield code="m">4</subfield>
    <subfield code="o">658.8 BAI</subfield>
    <subfield code="p">B-666232</subfield>
    <subfield code="r">2022-10-29 00:00:00</subfield>
    <subfield code="s">2022-09-27</subfield>
    <subfield code="t">1</subfield>
    <subfield code="v">795.00</subfield>
    <subfield code="w">2017-05-02</subfield>
    <subfield code="y">EN</subfield>
  </datafield>
</record>
